ՀՀ Գիտությունների ազգային ակադեմիայի հիմնարար գիտական գրադարան  =   Fundamental Scientific Library of NAS RA

Сборник сведений по культуре ценных растений на Кавказе / (Record no. 508619)

MARC details
000 -LEADER
fixed length control field 01629aam a2200325 a 4500
001 - CONTROL NUMBER
control field YSU0156626
003 - CONTROL NUMBER IDENTIFIER
control field AM-YEHGA
005 - DATE AND TIME OF LATEST TRANSACTION
control field 20250617163549.0
008 - FIXED-LENGTH DATA ELEMENTS--GENERAL INFORMATION
fixed length control field 991226m18951905gs abf|||||||| 1| |rus||
040 ## - CATALOGING SOURCE
Original cataloging agency AM-YeHGA
041 0# - LANGUAGE CODE
Language code of text/sound track or separate title rus
001 - CONTROL NUMBER
control field 141738
090 ## - LOCALLY ASSIGNED LC-TYPE CALL NUMBER (OCLC); LOCAL CALL NUMBER (RLIN)
-- 512065
245 00 - TITLE STATEMENT
Title Сборник сведений по культуре ценных растений на Кавказе /
Number of part/section of a work М-во земледелия и гос. имуществ. Уполномоч. министра земледелия и гос. имуществ на Кавказе .
260 0# - PUBLICATION, DISTRIBUTION, ETC.
Place of publication, distribution, etc. Тифлис :
Name of publisher, distributor, etc. Типография К.П. Козловскаго ,
Date of publication, distribution, etc. 1895-
-- 1905.
300 ## - PHYSICAL DESCRIPTION
Extent Вып. ;
Other physical details 25-28 см.
504 ## - BIBLIOGRAPHY, ETC. NOTE
Bibliography, etc. note Библиогр. в подстроч. примеч. (Вып. 4)
504 ## - BIBLIOGRAPHY, ETC. NOTE
Bibliography, etc. note Библиогр. в подстроч. примеч. (Вып. 5)
504 ## - BIBLIOGRAPHY, ETC. NOTE
Bibliography, etc. note Библиогр. : с. 179
505 10 - FORMATTED CONTENTS NOTE
Miscellaneous information Вып. 1 (1895, [3], III, 120 с., табл.)
505 10 - FORMATTED CONTENTS NOTE
Miscellaneous information Вып. 4 (1899, [3], 92 с., ил.)
505 10 - FORMATTED CONTENTS NOTE
Miscellaneous information Вып. 5 (1900, [6], II, 207, 83 с., табл.)
505 10 - FORMATTED CONTENTS NOTE
Miscellaneous information Вып. 6 (1905, [5], 185 с., 33 л. ил., карт.) :
Title С 33 таблицами рисунков и картограммою.
550 ## - ISSUING BODY NOTE
Issuing body note Мин-во земледелия и гос. имуществ
650 14 - SUBJECT ADDED ENTRY--TOPICAL TERM
Topical term or geographic name entry element Сельское хозяйство
Geographic subdivision Кавказ
650 14 - SUBJECT ADDED ENTRY--TOPICAL TERM
Topical term or geographic name entry element Полеводство
650 14 - SUBJECT ADDED ENTRY--TOPICAL TERM
Topical term or geographic name entry element Растения
710 2# - ADDED ENTRY--CORPORATE NAME
Subordinate unit Уполномоченный Министра земледелия и государственных имуществ на Кавказе
942 ## - ADDED ENTRY ELEMENTS (KOHA)
Source of classification or shelving scheme Universal Decimal Classification
Koha item type Գրքեր / Books
Holdings
Withdrawn status Lost status Damaged status Not for loan Collection Home library Current library Date acquired Serial enumeration / chronology Total checkouts Full call number Barcode Date last seen Price effective from Koha item type Public note
        General Fundamental Scientific Library Fundamental Scientific Library 31/05/2021 Вып. 6   PIII/61594 FL0649163 31/05/2021 31/05/2021 Գրքեր / Books 30 Days Loan


ՀՀ ԳԱԱ հիմնարար գիտական գրադարան
ՀՀ,Երևան 0019
Մարշալ Բաղրամյան 24/6
հեռախոս:(374-10) 52-47-50
Հետադարձ կապ

All site content, except where otherwise noted, is licensed under a
Creative Commons License